Nácvik formálneho ústneho prejavu v anglickom jazyku a jeho význam v komunikačnej oblasti

Metóda jazykového mentoringu a jazykového koučingu ako prostriedok nácviku formálneho ústneho prejavu v anglickom jazyku a jeho význam v komunikačnej oblasti. Projekt Toastmasters - tréning rečníckych, prezentačných a vodcovských zručností.

Uložené v:
Podrobná bibliografia
Hlavný autor: Krajčík Danišová, Sonia, 1981-
Médium: Kapitola
Jazyk:Slovak
Predmet:
Tagy: Pridať tag
Žiadne tagy, Buďte prvý, kto otaguje tento záznam!

MARC

LEADER 00000naa$a2200000$$$4500
001 0281027
005 20240502074350.9
041 0 |a slo 
044 |a SK 
245 1 0 |a Nácvik formálneho ústneho prejavu v anglickom jazyku a jeho význam v komunikačnej oblasti  |c Sonia Krajčík Danišová 
520 |a Metóda jazykového mentoringu a jazykového koučingu ako prostriedok nácviku formálneho ústneho prejavu v anglickom jazyku a jeho význam v komunikačnej oblasti. Projekt Toastmasters - tréning rečníckych, prezentačných a vodcovských zručností. 
610 2 0 |a jazyky cudzie 
610 2 0 |a angličtina 
610 2 0 |a prejavy 
610 2 0 |a komunikácia 
610 2 0 |a koučovanie 
610 2 0 |a vzdelávanie 
100 1 |a Krajčík Danišová, Sonia, 1981-